عرض عادي
عرض مارك
- COMPUTERS / Computer Graphics
مدخل مصطلح موضوعي
001 - رقم الضبط
- حقل الضبط: 19198
003 - معرف رقم الضبط
- حقل الضبط: OSt
005 - تاريخ ووقت أخر عملية
- حقل الضبط: 20121229180125.0
008 - عناصر بيانات ثابتة الطول
- حقل تحكم ثابت الطول: 121229|||a|||||| | ||| d
040 ## - مصدر الفهرسة
- هيئة الفهرسة الأصلية: OSt
- وكالة الكتابة: OSt
150 ## - مدخل-- مصطلح تاريخي
- عنصر مدخل المصطلح الموضوعي او الاسم الجغرافي: COMPUTERS / Computer Graphics
670 ## - بيانات المصدر موجوده
- الاستشهاد بالمصدر: Work cat.: (OSt)0: Visual perception from a computer graphics perspective /, 2011.
